Dielo v piatich zväzkoch (Record no. 21169)
[ view plain ]
| 000 -LEADER | |
|---|---|
| fixed length control field | 01272nam a2200325 a 4500 |
| 001 - CONTROL NUMBER | |
| control field | 21169 |
| 003 - CONTROL NUMBER IDENTIFIER | |
| control field | VRT |
| 005 - DATE AND TIME OF LATEST TRANSACTION | |
| control field | 20260223145343.0 |
| 008 - FIXED-LENGTH DATA ELEMENTS--GENERAL INFORMATION | |
| fixed length control field | 060711s1954 xo slo c |
| 035 ## - SYSTEM CONTROL NUMBER | |
| System control number | UKB000298113 |
| 039 #9 - LEVEL OF BIBLIOGRAPHIC CONTROL AND CODING DETAIL [OBSOLETE] | |
| Level of rules in bibliographic description | 201703241436 |
| Level of effort used to assign nonsubject heading access points | pecivova |
| Level of effort used to assign subject headings | 201703241434 |
| Level of effort used to assign classification | pecivova |
| 040 ## - CATALOGING SOURCE | |
| Original cataloging agency | BAA001 |
| Language of cataloging | slo |
| Transcribing agency | BAA001 |
| Description conventions | AACR2 |
| 041 1# - LANGUAGE CODE | |
| Language code of text/sound track or separate title | slo |
| 044 ## - COUNTRY OF PUBLISHING/PRODUCING ENTITY CODE | |
| MARC country code | cs |
| ISO country code | CS |
| 100 1# - MAIN ENTRY--PERSONAL NAME | |
| Personal name | Štúr, Ľudovít, |
| Dates associated with a name | 1815-1856 |
| 245 00 - TITLE STATEMENT | |
| Title | Dielo v piatich zväzkoch |
| Number of part/section of a work | Zväzok 1. |
| Name of part/section of a work | Politické state a prejavy |
| Statement of responsibility, etc. | Ľudovít Štúr ; Edične pripravil a bibliograf. poznámkami a pozn. k úpr. text dopl. : Jozef Ambruš ; Vysvetl. vyprac. : Ján V. Ormis ; Úvod štúd. nap. : Juraj Špitzer |
| 246 30 - VARYING FORM OF TITLE | |
| Title proper/short title | Politické state a prejavy |
| 260 ## - PUBLICATION, DISTRIBUTION, ETC. | |
| Place of publication, distribution, etc. | Bratislava |
| Name of publisher, distributor, etc. | Slovenské vydavateľstvo krásnej literatúry |
| Date of publication, distribution, etc. | 1954 |
| 300 ## - PHYSICAL DESCRIPTION | |
| Extent | 431 s. |
| 700 1# - ADDED ENTRY--PERSONAL NAME | |
| Personal name | Ambruš, Jozef |
| Relationship | edt |
| -- | cwt |
| 700 1# - ADDED ENTRY--PERSONAL NAME | |
| Personal name | Špitzer, Juraj |
| Relationship | aui |
| 700 1# - ADDED ENTRY--PERSONAL NAME | |
| Personal name | Ormis, V. |
| Relationship | oth |
| 910 ## - USER-OPTION DATA (OCLC) | |
| User-option data | ukb |
| 942 ## - ADDED ENTRY ELEMENTS (KOHA) | |
| Source of classification or shelving scheme | Dewey Decimal Classification |
| Koha item type | Krásna literatúra pre dospelých |
| Suppress in OPAC | No |
| 949 ## - LOCAL PROCESSING INFORMATION (OCLC) | |
| 6 | 1800142703 |
| a | 20.D.03976 |
| b | K.2474-59 |
| q | 29.1.2016 popísaná ceruzou |
| r | 29.1.2016 popísaná ceruzou |
| 949 ## - LOCAL PROCESSING INFORMATION (OCLC) | |
| 6 | 1800150428 |
| a | 20.D.03976 |
| b | K.7334-57 |
| 949 ## - LOCAL PROCESSING INFORMATION (OCLC) | |
| 6 | 1800184466 |
| a | 20.D.03976 |
| b | K.2470-59 |
| 949 ## - LOCAL PROCESSING INFORMATION (OCLC) | |
| 6 | 1800306237 |
| a | 20.D.03976 |
| b | K.2471-59 |
| 949 ## - LOCAL PROCESSING INFORMATION (OCLC) | |
| 6 | 1800697851 |
| a | S.D.05479 |
| b | PV.1918-54 |
| Stav vyradenia | Strata | Poškodenie | Spôsob nadobudnutia | Domovská knižnica | Aktuálna knižnica | Dátum nadobudnutia | Total checkouts | Čiarový kód exemplára | Date last seen | Typ exemplára | Verejná poznámka |
|---|---|---|---|---|---|---|---|---|---|---|---|
| Dar | Obecná knižnica Horná Štubňa | Obecná knižnica Horná Štubňa | 23.02.2026 | 4736201424 | 23.02.2026 | Krásna literatúra pre dospelých | cestou života trnistou - doplnkový zväzok | ||||
| Dar | Obecná knižnica Horná Štubňa | Obecná knižnica Horná Štubňa | 23.02.2026 | 4736201423 | 23.02.2026 | Krásna literatúra pre dospelých | slovenčina naša - V. zväzok | ||||
| Dar | Obecná knižnica Horná Štubňa | Obecná knižnica Horná Štubňa | 23.02.2026 | 4736201422 | 23.02.2026 | Krásna literatúra pre dospelých | slovanská ludová slovesnosť - III. zväzok | ||||
| Dar | Obecná knižnica Horná Štubňa | Obecná knižnica Horná Štubňa | 23.02.2026 | 4736201421 | 23.02.2026 | Krásna literatúra pre dospelých | politické state a prejavy - I. zväzok |
